000 00641nam a2200229Ia 4500
005 20250508164054.0
008 008 250505s9999 xx 000 0 hin d
020 _a81-7055-291
037 _aTextBook
040 _aFEDL
_beng
_cFEDL
041 _ahin
_2hin
084 _a301.0954, RAJ/R
_qFEDL
100 _aRaj Kishor Ed.
245 0 _aBhartiya musalman: Mithak aur yatharth
260 _aNew Delhi, India
_bVani Prakashan
_c1993
300 _a148p
365 _aINR
_b50
490 _aAaj Ke Prashan 2
546 _aAcc. No. 086281 is MACESE book
942 _cTB
_h301.0954, RAJ/R
999 _c1386906
_d1386906